Statistics for 50 Famous Actors by Movie 2.0

Click here to take the quiz!

General Stats

  • This quiz has been taken 71 times
  • The average score is 26 of 50

Answer Stats

MovieYearActor% Correct
Mr. & Mrs. Smith2005Brad Pitt
91%
The Martian2015Matt Damon
88%
The Silence of the Lambs1991Anthony Hopkins
81%
Casino Royale2006Daniel Craig
81%
American Psycho2000Christian Bale
78%
Bohemian Rhapsody2018Rami Malek
78%
The Dark Knight2008Heath Ledger
77%
Schindler's List1993Liam Neeson
75%
X-Men2000Hugh Jackman
73%
Speed1994Keanu Reeves
73%
Ted2012Mark Wahlberg
73%
The Great Dictator1940Charlie Chaplin
72%
Dirty Dancing1987Patrick Swayze
72%
Pretty Woman1990Richard Gere
72%
Notting Hill1999Hugh Grant
70%
Coming to America1988Eddie Murphy
69%
Dances with Wolves1990Kevin Costner
69%
Dr. No1962Sean Connery
69%
Training Day2001Denzel Washington
64%
American Beauty1999Kevin Spacey
64%
Gandhi1982Ben Kingsley
63%
Wall Street1987Michael Douglas
61%
American History X1998Edward Norton
56%
Invictus2009Morgan Freeman
56%
Blade Runner 20492017Ryan Gosling
56%
Willy Wonka & the Chocolate Factory1971Gene Wilder
55%
Chinatown1974Jack Nicholson
53%
The World Is Not Enough1999Pierce Brosnan
53%
The French Connection1971Gene Hackman
52%
Annie Hall1977Woody Allen
52%
Lethal Weapon1987Danny Glover
50%
Michael Clayton2007George Clooney
47%
Logan2017Patrick Stewart
47%
xXx2002Vin Diesel
45%
The Great Escape1963Steve McQueen
42%
Natural Born Killers1994Woody Harrelson
42%
Desperado1995Antonio Banderas
38%
In the Heat of the Night1967Sidney Poitier
33%
Reservoir Dogs1992Harvey Keitel
30%
Machete2010Danny Trejo
28%
Eastern Promises2007Viggo Mortensen
27%
The Death of Stalin2017Steve Buscemi
22%
Sin City2005Mickey Rourke
20%
Fearless2006Jet Li
17%
See No Evil, Hear No Evil1989Richard Pryor
17%
The Hunt2012Mads Mikkelsen
13%
Pierrot le Fou1965Jean-Paul Belmondo
8%
Videodrome1983James Woods
6%
Oldboy2003Choi Min-sik
5%
Parasite2019Song Kang-ho
5%

Score Distribution

Percentile by Number Answered

Percent of People with Each Score

Your Score History

You have not taken this quiz